Attachment issues in psychopathology and intervention (Record no. 839)

MARC details
000 -LEADER
fixed length control field 00710nam a2200229 a 4500
005 - DATE AND TIME OF LATEST TRANSACTION
control field 20260322212036.0
008 - FIXED-LENGTH DATA ELEMENTS--GENERAL INFORMATION
fixed length control field data
010 ## - LIBRARY OF CONGRESS CONTROL NUMBER
LC control number 20-03049132
020 ## - INTERNATIONAL STANDARD BOOK NUMBER
International Standard Book Number 0805836934 (alk. paper)
020 ## - INTERNATIONAL STANDARD BOOK NUMBER
International Standard Book Number 9780805836936 (alk. paper)
040 ## - CATALOGING SOURCE
Original cataloging agency NLM
096 ## - LOCALLY ASSIGNED NLM-TYPE CALL NUMBER (OCLC)
Classification number WM 460.5 A885 2004
001 - CONTROL NUMBER
control field data
245 10 - TITLE STATEMENT
Title Attachment issues in psychopathology and intervention
Statement of responsibility, etc. edited by Leslie Atkinson, Susan Goldberg.
260 ## - PUBLICATION, DISTRIBUTION, ETC.
Place of publication, distribution, etc. Mahwah, N.J.
Name of publisher, distributor, etc. Lawrence Erlbaum
Date of publication, distribution, etc. c2004
300 ## - PHYSICAL DESCRIPTION
Extent viii, 289 p. :
Other physical details ill. ;
Dimensions 23 cm.
500 ## - GENERAL NOTE
General note Includes bibliographical references and index.
650 02 - SUBJECT ADDED ENTRY--TOPICAL TERM
Topical term or geographic name entry element Mental Disorders
General subdivision therapy
650 02 - SUBJECT ADDED ENTRY--TOPICAL TERM
Topical term or geographic name entry element Object Attachment
700 1# - ADDED ENTRY--PERSONAL NAME
Personal name Atkinson, Leslie, Ph. D.
700 1# - ADDED ENTRY--PERSONAL NAME
Personal name Goldberg, Susan.
Holdings
Withdrawn status Lost status Damaged status Not for loan Home library Current library Shelving location Date acquired Total checkouts Full call number Barcode Date last seen Price effective from Koha item type
        Franklin Franklin General stacks 22/03/2026   GEN BC0010864 22/03/2026 22/03/2026 Books